000 00574nam a2200181Ia 4500
008 151202s9999||||xx |||||||||||||| ||und||
082 _bPNVM-45704
100 _aपालकर इंदूमती.
245 _aशाक संपदा.
260 _b"आयुर्दिप प्रकाशन,पुणे."
260 _c2004
300 _a120
600 _aपालकर इंदूमती.
630 _aशाक संपदा.
700 _aपालकर इंदूमती.
730 _aशाक संपदा.
942 _cBOOK
999 _c1311655
_d1311652